000 00309nam a2200133 i 4500
001 bg
100 1 _aKORBIEL, L.
245 0 _aTurbo Pascal :
_bprogramy dydaktyczne /
_cL. Korbiel.
260 _aWarszawa,
_c1992.
040 _cBPK
041 _apol
942 _cKS
008 s pl f |000 0 pol
999 _c5429
_d5429
856 _uhttp://koha.tu.koszalin.pl/cgi-bin/koha/opac-detail.pl?biblionumber=5429
_yKatalog online BPK